000 00318pab a2200145 454500
008 180718b1985 xxu||||| |||| 00| 0 eng d
100 _aPinto, Albert
245 _aCurbing Marine pollution
260 _c1985
300 _a17-22
362 _a15 Sept.
650 _aPollution
773 _aCapital
909 _a15442
999 _c15442
_d15442